5.Horrorfilm-Duell: Jigsaw vs. Alien - Statistiken

Allgemein
  • Dieses Quiz wurde 6 mal gespielt
  • Das Durchschnittsergebnis liegt bei 7 aus 12
Antwortstatistiken
Frage Antwort % Korrekt
Übernatürliche Kräfte Alien
100%
Psychologischer Horror Jigsaw
100%
Kreativität Jigsaw
100%
Unsterblichkeit Alien
80%
Physische Kraft Alien
60%
Sieger Alien
60%
Opferzahl Alien
40%
Horrorikonenstatus Alien
40%
Intelligenz Jigsaw
40%
Wiedererkennungswert Alien
20%
Brutalität Alien
20%
Ausstrahlung Jigsaw
0%
Keine übereinstimmenden Quizze gefunden
Verteilung der Resultate
Anzahl Personen mit jedem Resultat
Perzentil nach korrekt beantworteten Fragen
Ihre Resultats-Entwicklung
Sie haben dieses Quiz noch nicht gespielt